Los fundamentos del pensamiento político moderno.
محفوظ في:
| المؤلف الرئيسي: | |
|---|---|
| مؤلفون آخرون: | |
| التنسيق: | كتاب |
| اللغة: | الإسبانية |
| منشور في: |
México, D.F., México:
Fondo de Cultura Económica,
1985-1986.
|
| الطبعة: | Primera edición en español. |
| الموضوعات: | |
| الوسوم: |
إضافة وسم
لا توجد وسوم, كن أول من يضع وسما على هذه التسجيلة!
|
MARC
| LEADER | 00000nam a2200000 a 4500 | ||
|---|---|---|---|
| 001 | UCX1361 | ||
| 003 | CL-VaPUC | ||
| 005 | 20220822114323.0 | ||
| 008 | 900813e19850000MX |||||||||||||||||spa|d | ||
| 999 | |c 222615 |d 222613 | ||
| 020 | |a 968-16-1656-1- (obra completa) | ||
| 020 | |a 968-16-1657-X (t.I) | ||
| 020 | |a 968-16-2478-5 (t.II) | ||
| 040 | |c Pontificia Universidad Católica de Valparaíso | ||
| 082 | 0 | 4 | |a 320.01 SKI 1985 (t.I) |2 21 |
| 082 | 0 | 4 | |a 320.01 SKI 1986 (t.II) |
| 100 | 0 | |a Skinner, Quentin |e autor |9 316841 | |
| 245 | 1 | 4 | |a Los fundamentos del pensamiento político moderno. |
| 250 | |a Primera edición en español. | ||
| 260 | |a México, D.F., México: |b Fondo de Cultura Económica, |c 1985-1986. | ||
| 300 | |a 2 Tomos. | ||
| 500 | |a c.5 Tomo I: Donación Familia Prof. Alejandro Guzmán Brito. c.5 Tomo II: Donación Familia Prof. Alejandro Guzmán Brito. | ||
| 505 | |a t.I: El renacimiento. t.II: La reforma. | ||
| 583 | |a last modification |c 20150714 05:21:46 |k Rodrigo Vera | ||
| 650 | 0 | |a Teoría política |2 CL-VaPUC |9 295219 | |
| 650 | 0 | |a Historia |y Siglos 13-16 |9 866252 | |
| 650 | 0 | |a Ideologías políticas |9 255735 | |
| 700 | |a Utrilla, Juan José |9 865454 |e traducción | ||
| 942 | |c BK |2 ddc |n 0 | ||
| 945 | |d 19900813 00:00:00 | ||
| 952 | |0 0 |1 0 |4 0 |6 320_010000000000000_SKI_1985 |7 0 |8 A |9 217609 |a BIBHIS |b BIBHIS |d 2019-11-15 |h v.1 |i 2865246 |l 1 |o 320.01 SKI 1985 |p 2865246 |r 2025-01-20 |s 2023-05-05 |w 2019-11-15 |y BK |k HIS | ||
| 952 | |0 0 |1 0 |4 0 |6 320_010000000000000_SKI_1985 |7 0 |8 A |9 217610 |a BIBHIS |b BIBHIS |d 2019-11-15 |h v.2 |i 2865254 |l 3 |o 320.01 SKI 1985 |p 2865254 |r 2025-01-20 |s 2023-11-02 |w 2019-11-15 |y BK |k HIS | ||
| 952 | |0 0 |1 0 |4 0 |6 320_010000000000000_SKI_1985 |7 0 |8 A |9 217611 |a BIBTEO |b BIBTEO |d 2019-11-15 |h v.1 |i 3084779 |o 320.01 SKI 1985 |p 3084779 |r 2025-01-17 |w 2019-11-15 |y BK |k ICR | ||
| 952 | |0 0 |1 0 |4 0 |6 320_010000000000000_SKI_1985 |7 0 |8 A |9 217612 |a BIBTEO |b BIBTEO |d 2019-11-15 |h v.2 |i 3084787 |o 320.01 SKI 1985 |p 3084787 |r 2025-01-17 |w 2019-11-15 |y BK |k ICR | ||
| 952 | |0 0 |1 0 |4 0 |6 320_010000000000000_SKI_1985 |7 0 |8 A |9 217613 |a BIBHIS |b BIBHIS |d 2019-11-15 |h v.1 |i 4561600 |l 8 |o 320.01 SKI 1985 |p 4561600 |r 2025-01-20 |s 2023-05-04 |w 2019-11-15 |y BK |k HIS | ||
| 952 | |0 0 |1 0 |4 0 |6 320_010000000000000_SKI_1985 |7 0 |8 A |9 217614 |a BIBHIS |b BIBHIS |d 2019-11-15 |h v.1 |i 4561619 |o 320.01 SKI 1985 |p 4561619 |r 2023-01-25 |w 2019-11-15 |y BK |k HIS | ||
| 952 | |0 0 |1 0 |4 0 |6 320_010000000000000_SKI_1985 |7 0 |8 A |9 217615 |a BIBHIS |b BIBHIS |d 2019-11-15 |h v.2 |i 4561627 |l 8 |m 1 |o 320.01 SKI 1985 |p 4561627 |r 2025-01-20 |s 2023-05-11 |w 2019-11-15 |y BK |k HIS | ||
| 952 | |0 0 |1 0 |4 0 |6 320_010000000000000_SKI_1985 |7 0 |8 A |9 217616 |a BIBHIS |b BIBHIS |d 2019-11-15 |h v.2 |i 4561635 |l 9 |m 2 |o 320.01 SKI 1985 |p 4561635 |r 2025-01-20 |s 2023-11-23 |w 2019-11-15 |y BK |k HIS | ||
| 952 | |0 0 |1 0 |2 ddc |4 0 |6 320_010000000000000_SKI_1985 |7 1 |8 C_AGB |9 580791 |a BIBDER |b BIBDER |d 2022-01-24 |e Donación |h t.I |i 5641330 |o 320.01 SKI 1985 |p 5641330 |r 2023-01-25 |t 5 |w 2022-01-24 |y BK_US |k AGB | ||
| 952 | |0 0 |1 0 |2 ddc |4 0 |6 320_010000000000000_SKI_1986 |7 1 |8 C_AGB |9 580792 |a BIBDER |b BIBDER |d 2022-01-24 |e Donación |h t.II |i 5641349 |o 320.01 SKI 1986 |p 5641349 |r 2023-01-25 |t 5 |w 2022-01-24 |y BK_US |k AGB | ||